South Park Guest Stars Quiz Stats

 Plays Quiz not verified by Sporcle

Also try: TV Good Guys
Challenge
Share
Tweet
Embed
Score 0/34 Timer 10:00
0 Plays Today
Character Guest % Correct
SparkyGeorge Clooney
79.1%
Miss StevensJennifer Aniston
46.5%
ThemselvesKorn
44.2%
ThemselvesRadiohead
44.2%
HimselfRobert Smith
41.9%
HimselfElton John
32.6%
KittyJay Leno
25.6%
HimselfJay Leno
25.6%
HimselfMeat Loaf
25.6%
Carlos RamirezCheech Marin
23.3%
A British Person (Narrator)Malcolm McDowell
20.9%
Chief Running PintoTommy Chong
18.6%
HerselfWing
18.6%
HimselfOzzy Osbourne
16.3%
Farmer #2Bill Hader
16.3%
Alec BaldwinBill Hader
16.3%
ThemselvesPrimus
11.6%
Character Guest % Correct
HimselfMichael Buffer
7%
Kid-Eating MonsterHenry Winkler
4.7%
ThemselvesRancid
4.7%
ThemselvesWeen
4.7%
Ms. EllenNatasha Henstridge
2.3%
Dr. KatzJonathan Katz
2.3%
HimselfJoe Strummer
2.3%
HimselfRick James
2.3%
HimselfDMX
2.3%
LoogieRichard Belzer
2.3%
Cornwallis' singing voiceLouis Price
2.3%
Benjamin FranklinNorman Lear
2.3%
Darth ChefPeter Serafinowicz
2.3%
Live Action CartmanBrandon Hardesty
2.3%
HimselfBrad Paisley
2.3%
Scuzzlebutt's legBrent Musburger
0%
ThemselvesDevo
0%

You're not logged in!

Compare scores with friends on all Sporcle quizzes.
Join for Free
OR
Log In

You Might Also Like...

Show Comments

Extras

Top Quizzes Today


Score Distribution

Your Account Isn't Verified!

In order to create a playlist on Sporcle, you need to verify the email address you used during registration. Go to your Sporcle Settings to finish the process.

Report this User

Report this user for behavior that violates our Community Guidelines.

Details: